1177 1666 1449 1640 1555 1117 1222 1565 1697 1804 1791 1011 1333 1194 1752 1796 1482 1057 1876 1722 1588 1328 1107 1922 1795 1631 1125 1082 1431 1697 1130 1111 1954 1544 1868 1260 1105 1264 1481 1016 1912 1863 1290 1497 1220 1905 1686 1963 1185 1469 1773 1508 1318 1090 1958 1075 1755 1907 1883 1767 1597 1453 1687 1922 1923 1925 1120 1573 1204 1238 1770 1031 1251 1570 1340 1236 1006 1219 1106 1566 1532 1725 1924 1091 1961 1290 1643 1255 1259 1027 1161 1536 1954 1861 1897 1088 1918 1082 1110 BCNSPRNW ULIB Ver.6.0+V

เปลี่ยนเป็นภาษาไทย

Change to English
 แสดงรายละเอียดบรรณานุกรม
  กลับหน้าหลัก

Brief Record : Get Marc (ISO 2709) : E-mail record : QR code < ปิดหน้าต่าง
LEADER : 00000nam 2200000uu 4500
001    13399115049
003     ULIB
008    020711s2006 th a 000 0 eng d
020    ^a0781791642
060    ^aQS4^bS671C
100    ^aRichard S. Snell
245    ^aClinical Anatomy by Systems/^cRichard S. Snell
250    ^a1St Editionth ed
260    ^aNew York :^bLippincott Williams & Wilkins,^c2006
300    ^a960 p. pages
650    Anatomy
945    ^p2600^l0^i022735
999    ^aวรรณษา ชูชัยมงคล
รายการนี้ยังไม่มีแท็ก
คุณยังไม่ได้ล็อกอิน คุณสามารถมีกิจกรรมร่วมกับเว็บไซต์ได้ แต่ต้องล็อกอินก่อน ::
  ล็อกอิน

รายการสื่อสารสนเทศ

ลำดับที่ ประเภท เลขเรียก/บาร์โค้ด สถานที่ สถานะ
- ไม่พบข้อมูล -

รายการใกล้เคียง
    หัวเรื่อง [Anatomy]

BibComment


ยังไม่เคยถูกคอมเมนท์

คอมเมนท์ทรัพยากรรายการนี้
  คอมเมนท์: Clinical Anatomy..


 Copyright 2026. Bcnsprnw @Library